000 00988nam0a22002771 4500
001 rc\4994619
005 20250613054811.0
021 _aRU
_b66-РК-3187/6-7
021 _aRU
_bРг6578-66
035 _a(NLR Aleph) 008973756
090 _a9141432
_c9141432
100 _a20130430d1957 |||y0rusy50 ca
101 0 _arus
102 _aRU
105 _ay z |||||
200 1 _aСпособы проверки технического состояния автомобилей
_fВоен. акад. тыла и транспорта
210 _aЛенинград
_cБ. и.
_d1957
215 _a[1], 12 с.
_d29
300 _aПеред загл. авт.: канд. техн. наук, инж.-подполк. Спичкин Г.В.
300 _aОтпеч. множит. аппаратом
700 1 _aСпичкин
_bГ.В.
_gГеоргий Васильевич
801 0 _aRU
_bNLR
_gpsbo
801 1 _aRU
_bELAR
_2rusmarc
852 _aNLR
_j66-8/1385
942 _cBOOK
980 _aNB